000 00248nmm a2200097Ia 4500
008 220120s9999||||xx |||||||||||||||||und||
082 _a00 5.133 MAR
100 _aMarshall.J.J Saeed, Zed
_93429
245 0 _aAfter effects 5/5.5 bible
260 _c2002
999 _c139067
_d139067